Organización y transformación de los sistemas de información en la empresa

Guardado en:
Detalles Bibliográficos
Autores principales: Pablos Heredero, Carmen de (autora), López Hermoso Agius, José Joaquín (Autor), Martín-Romo Romero, Santiago (Autor), Medina Salgado, Sonia (Autor)
Formato: Libro
Lenguaje:español
Publicado: Cuernavaca Alfaomega 2013
Edición:2a. ed
Materias:
Etiquetas: Agregar Etiqueta
Sin Etiquetas, Sea el primero en etiquetar este registro!

MARC

LEADER 00000cam a2200000 a 4500
001 UCE9182
003 CL-VaPUC
008 151002e20130000mx |||||||||||||||||spa|d
020 |a 9786077076834 
082 0 4 |a 658.5  |b PAB  |2 21 
100 |a Pablos Heredero, Carmen de  |e autora  |9 581911 
700 0 |a López Hermoso Agius, José Joaquín  |e author  |9 581912 
700 0 |a Martín-Romo Romero, Santiago  |e author  |9 581913 
700 0 |a Medina Salgado, Sonia  |e author  |9 581914 
245 1 0 |a Organización y transformación de los sistemas de información en la empresa 
250 |a 2a. ed 
300 |a 367 p 
942 |c BK 
945 |d 20151002 15:56:00  |a dcastane 
260 |a Cuernavaca  |b Alfaomega  |c 2013 
650 0 |a Sistemas de información   |9 260286 
650 0 |a Procesos de negocios  |9 581809 
650 0 |a Administración de empresas   |9 260833 
583 |a last modification  |c 20190329 01:44:37  |k Rodrigo Vera 
999 |c 360867  |d 360865 
952 |0 0  |1 0  |3 erb  |4 0  |6 658_500000000000000_PAB_2013  |7 0  |8 A  |9 471028  |a BIBING  |b BIBING  |i 5240573  |o 658.5 PAB 2013  |p 5240573  |r 2025-01-20  |w 2019-11-24  |y BK  |z Catalogado en:20151002  |k CCI 
952 |0 0  |1 0  |3 erb  |4 0  |6 658_500000000000000_PAB_2013  |7 0  |8 A  |9 471029  |a BIBING  |b BIBING  |i 5240581  |o 658.5 PAB 2013  |p 5240581  |r 2025-01-20  |w 2019-11-24  |y BK  |z Catalogado en:20151002  |k CCI 
952 |0 0  |1 0  |3 erb  |4 0  |6 658_500000000000000_PAB_2013  |7 0  |8 A  |9 471030  |a BIBING  |b BIBING  |i 524059K  |o 658.5 PAB 2013  |p 524059K  |r 2025-01-20  |w 2019-11-24  |y BK  |z Catalogado en:20151002  |k CCI 
952 |0 0  |1 0  |3 erb  |4 0  |6 658_500000000000000_PAB_2013  |7 0  |8 A  |9 471031  |a BIBING  |b BIBING  |i 5240603  |o 658.5 PAB 2013  |p 5240603  |r 2025-01-20  |w 2019-11-24  |y BK  |z Catalogado en:20151002  |k CCI 
952 |0 0  |1 0  |3 erb  |4 0  |6 658_500000000000000_PAB_2013  |7 0  |8 A  |9 471032  |a BIBING  |b BIBING  |i 5240611  |o 658.5 PAB 2013  |p 5240611  |r 2025-01-20  |w 2019-11-24  |y BK  |z Catalogado en:20151002  |k CCI 
952 |0 0  |1 0  |3 erb  |4 0  |6 658_500000000000000_PAB_2013  |7 0  |8 A  |9 471033  |a BIBING  |b BIBING  |i 524062K  |o 658.5 PAB 2013  |p 524062K  |r 2025-01-20  |w 2019-11-24  |y BK  |z Catalogado en:20151002  |k CCI 
952 |0 0  |1 0  |3 erb  |4 0  |6 658_500000000000000_PAB_2013  |7 0  |8 A  |9 471034  |a BIBING  |b BIBING  |i 5240638  |o 658.5 PAB 2013  |p 5240638  |r 2025-01-20  |w 2019-11-24  |y BK  |z Catalogado en:20151002  |k CCI 
952 |0 0  |1 0  |3 erb  |4 0  |6 658_500000000000000_PAB_2013  |7 0  |8 A  |9 471035  |a BIBING  |b BIBING  |i 5240646  |o 658.5 PAB 2013  |p 5240646  |r 2025-01-20  |w 2019-11-24  |y BK  |z Catalogado en:20151002  |k CCI 
952 |0 0  |1 0  |3 erb  |4 0  |6 658_500000000000000_PAB_2013  |7 0  |8 A  |9 471036  |a BIBING  |b BIBING  |i 5240654  |o 658.5 PAB 2013  |p 5240654  |r 2025-01-20  |w 2019-11-24  |y BK  |z Catalogado en:20151002  |k CCI 
952 |0 0  |1 0  |3 erb  |4 0  |6 658_500000000000000_PAB_2013  |7 0  |8 A  |9 471037  |a BIBING  |b BIBING  |i 5240662  |o 658.5 PAB 2013  |p 5240662  |r 2025-01-20  |w 2019-11-24  |y BK  |z Catalogado en:20151002  |k CCI 
952 |0 0  |1 0  |3 erb  |4 0  |6 658_500000000000000_PAB_2013  |7 0  |8 A  |9 471038  |a BIBING  |b BIBING  |i 5541026  |o 658.5 PAB 2013  |p 5541026  |r 2025-01-20  |w 2019-11-24  |y BK  |z Catalogado en:20190329  |k CCI 
952 |0 0  |1 0  |3 erb  |4 0  |6 658_500000000000000_PAB_2013  |7 0  |8 A  |9 471039  |a BIBING  |b BIBING  |i 5541018  |o 658.5 PAB 2013  |p 5541018  |r 2025-01-20  |w 2019-11-24  |y BK  |z Catalogado en:20190329  |k CCI 
952 |0 0  |1 0  |3 erb  |4 0  |6 658_500000000000000_PAB_2013  |7 0  |8 A  |9 471040  |a BIBING  |b BIBING  |i 554100K  |o 658.5 PAB 2013  |p 554100K  |r 2025-01-20  |w 2019-11-24  |y BK  |z Catalogado en:20190329  |k CCI